|
|
|
|
| LEADER |
00000nam a22000007a 4500 |
| 005 |
20210929223241.0 |
| 007 |
cr|||| |||| |
| 008 |
210929s2020 eu |||||s|||| 00||0 eng d |
| 020 |
|
|
|a 978-92-846-6950-9
|
| 035 |
|
|
|a 34282
|
| 040 |
|
|
|a vLex
|
| 090 |
|
|
|c 12445
|d 12445
|
| 100 |
1 |
|
|a Kowalik, Zuzanna
|
| 245 |
1 |
0 |
|a Policies to ensure access to affordable housing
|h [Recurso electrn̤ico] /
|c Zuzanna Kowalik, Piotr Lewandowski, Egidijus Barcevicius, Dovydas Caturianas, Jakub Sokolowski
|
| 256 |
|
|
|a Servicio en ln̕ea
|
| 260 |
|
|
|a Bruselas:
|b European Union Publications Office,
|c 2020
|
| 300 |
|
|
|a 1 recurso electrn̤ico
|
| 506 |
1 |
|
|a Disponible solo en los productos indicados
|d vLex Global
|d vLex Global (Academic Edition, excluding Law Schools)
|d vLex Global (U.S. Academic Edition, Law Schools)
|d vLex Global (U.S. Academic Edition, excluding Law Schools)
|d vLex Global (Academic Edition, Law Schools)
|
| 650 |
0 |
4 |
|a Derecho Pb︢lico y Administrativo
|z Unin̤ Europea
|
| 650 |
0 |
4 |
|a Derecho Comunitario
|z Unin̤ Europea
|
| 700 |
1 |
|
|a Lewandowski, Piotr
|
| 700 |
1 |
|
|a Barcevicius, Egidijus
|
| 700 |
1 |
|
|a Caturianas, Dovydas
|
| 700 |
1 |
|
|a Sokolowski, Jakub
|
| 740 |
0 |
|
|a vLex Libros (Servicio en ln̕ea)
|
| 856 |
4 |
0 |
|u https://app.vlex.com/#/sources/34282
|z Acceso restringido
|
| 942 |
|
|
|c BOOK
|
| 999 |
0 |
|
|a Public and Administrative Law
|
| 999 |
0 |
|
|a Community Law
|